00936nam a22002777a 45000010005000000030006000050050017000110080041000280200018000690400029000870500014001160820010001301000020001402450113001602500033002732600038003063000050003445050008003945200085004025210023004875210020005106500033005306500028005636500034005917000033006257645FISKH20250729135048.0250729b cb ||||| |||| 00| 0 eng d a9780545484329 aFISKHbengcFISKHdFISKH aE457 .M55 a973.7 aMetzger, Steve  aLincoln and Grace : bWhy Abraham Lincoln grew a beard / cBy Steve Metzger : Illustrated by Ann Kronheimer  aFirst printing, January 2015 aNew York : bScholastic , c2013. a40 pages : bcolor illustrations ; c26 cm .  aS  aThe true story of Grace Bedell, who suggested that Abraham Lincoln grow a beard.8 a800 bLexile AD 8 aS bRaz-Plus  aAbraham LincolnvNon-fiction aPresidentsvNon-fiction aReading RailroadvNon-fiction aKronheimer, AnneIllustrator